[Event "Rouen op 9th"]
[Site "Rouen"]
[Date "2016.12.19"]
[Round "5"]
[White "Ruch, Bernard"]
[Black "Chavane, Thibaut"]
[Result "1/2-1/2"]
[WhiteElo "1934"]
[BlackElo "1792"]
[PlyCount "108"]
[EventDate "2016.12.17"]
[EventType "swiss"]
[EventRounds "7"]
[EventCountry "FRA"]
[SourceTitle "CBM 176 Extra"]
[Source "ChessBase"]
[SourceDate "2017.03.02"]
[SourceVersion "1"]
[SourceVersionDate "2017.03.02"]
[SourceQuality "1"]

1. d4 Nf6 2. Nf3 c5 3. e3 e6 4. c3 d5 5. Bd3 Nc6 6. 0-0 Bd6 7. Nbd2 e5 8. dxe5 Nxe5 9. Nxe5 Bxe5 10. f4 Bc7 11. e4 c4 12. Be2 dxe4 13. Qa4+ Bd7 14. Qxc4 Rc8 15. Qb4 Bc6 16. Nc4 Nd5 17. Qa3 Qe7 18. Qxe7+ Kxe7 19. Bg4 Rcd8 20. Kh1 Bb5 21. Be2 Nb6 22. b3 Nxc4 23. bxc4 Ba6 24. Re1 f5 25. Be3 b6 26. g3 Kf7 27. Kg2 Bd6 28. Red1 Ba3 29. Rab1 Rxd1 30. Rxd1 Ke7 31. Rd5 g6 32. g4 fxg4 33. Bxg4 Bxc4 34. Rd7+ Ke8 35. Rxa7 Be7 36. Bxb6 Bd5 37. Kf2 Rf8 38. Ke3 Rf6 39. Bd4 Rf7 40. Bd7+ Kf8 41. Bb5 g5 42. fxg5 Bxg5+ 43. Ke2 Rxa7 44. Bxa7 Bxa2 45. Be3 Bf6 46. c4 Be5 47. c5 Bxh2 48. Bd7 Bd5 49. c6 Bxc6 50. Bxc6 Be5 51. Bxe4 Kg7 52. Kf3 Bf6 53. Kg4 Ba1 54. Kh5 Kh8 1/2-1/2

[Event "Rouen op 9th"]
[Site "Rouen"]
[Date "2016.12.18"]
[Round "2"]
[White "Chavane, Thibaut"]
[Black "Martine, Jean Christophe"]
[Result "1/2-1/2"]
[WhiteElo "1792"]
[BlackElo "2075"]
[PlyCount "67"]
[EventDate "2016.12.17"]
[EventType "swiss"]
[EventRounds "7"]
[EventCountry "FRA"]
[SourceTitle "CBM 176 Extra"]
[Source "ChessBase"]
[SourceDate "2017.03.02"]
[SourceVersion "1"]
[SourceVersionDate "2017.03.02"]
[SourceQuality "1"]

1. e4 d6 2. d4 Nf6 3. Nc3 c6 4. f4 Qa5 5. Qd3 e5 6. Nf3 Nbd7 7. Bd2 Qc7 8. fxe5 dxe5 9. dxe5 Nxe5 10. Nxe5 Qxe5 11. 0-0-0 Be6 12. g3 Be7 13. Bg2 0-0 14. Bf4 Qa5 15. Bd2 Kh8 16. Kb1 Rad8 17. Nd5 Qa4 18. b3 Qa3 19. Bc1 Qc5 20. Be3 Qa3 21. Bc1 Qd6 22. Nxe7 Qxe7 23. Qc3 Bg4 24. Rde1 Rd7 25. Bg5 Nxe4 26. Rxe4 Qxg5 27. Qb4 Rfd8 28. Rxg4 Rd1+ 29. Rxd1 Rxd1+ 30. Kb2 Qc1+ 31. Kc3 Qd2+ 32. Kb2 Qc1+ 33. Kc3 Qd2+ 34. Kb2 1/2-1/2

[Event "Issy les Moulineaux tt"]
[Site "Issy les Moulineaux"]
[Date "2009.03.15"]
[Round "?"]
[White "Arakelyan, Aram"]
[Black "Chavane, Thibaut"]
[Result "0-1"]
[WhiteElo "1921"]
[BlackElo "2003"]
[PlyCount "31"]
[EventDate "2008.10.19"]
[EventType "team-tourn"]
[EventRounds "7"]
[EventCountry "FRA"]
[SourceTitle "EXT 2010"]
[Source "ChessBase"]
[SourceDate "2010.11.25"]
[SourceVersion "1"]
[SourceVersionDate "2010.11.25"]
[SourceQuality "1"]
[WhiteTeam "Issy les Moulineaux"]
[BlackTeam "Verrieres"]
[WhiteTeamCountry "FRA"]
[BlackTeamCountry "FRA"]

1. e4 c5 2. Nf3 e6 3. d4 cxd4 4. Nxd4 Nf6 5. Bd3 d5 6. exd5 Nxd5 7. c3 a6 8. 0-0 Bd6 9. Nd2 0-0 10. Ne4 Bc7 11. Qh5 g6 12. Qh6 f5 13. Ng5 Qe7 14. Bc4 Nc6 15. Re1 Ne5 16. Bxd5 0-1